[Event "MCRE_SF02"]
[Site "?"]
[Date "2005.??.??"]
[Round "?"]
[White "Storkan, Zdenek"]
[Black "Struzka, Vlastimil"]
[Result "1/2-1/2"]
[WhiteElo "2224"]
[BlackElo "2216"]
[PlyCount "88"]
[EventDate "2005.??.??"]
[EventType "corr"]
[EventRounds "2"]
[SourceDate "2005.10.20"]

1. d4 d5 2. c4 Nf6 3. Nc3 e6 4. Nf3 Be7 5. Bg5 O-O 6. e3 c5 7. dxc5 Bxc5 8. Be2
dxc4 9. Bxc4 Qxd1+ 10. Rxd1 Nbd7 11. O-O a6 12. Be2 b5 13. Rd3 Bb7 14. Rfd1 Nb6
15. Nd2 Be7 16. e4 h6 17. Bh4 g5 18. Bg3 b4 19. e5 bxc3 20. exf6 Bxf6 21. bxc3
Na4 22. Rc1 Rfd8 23. Rxd8+ Rxd8 24. Nb1 Be4 25. Bxa6 Bxb1 26. Rxb1 Nxc3 27. Rb8
Rxb8 28. Bxb8 Nxa2 29. g4 Kg7 30. Kg2 Nc3 31. Bb7 Nd5 32. Kf3 Ba1 33. h3 Bd4
34. Ke4 Bxf2 35. Bxd5 exd5+ 36. Kxd5 Kg6 37. Ke4 Bc5 38. Bg3 Bb4 39. h4 gxh4
40. Bxh4 Ba3 41. Bg3 Kg5 42. Bf4+ Kxg4 43. Bxh6 f5+ 44. Kd3 Kf3 1/2-1/2

[Event "MCRE_SF02"]
[Site "?"]
[Date "2005.??.??"]
[Round "?"]
[White "Novak, Vratislav"]
[Black "Splichal, Josef"]
[Result "0-1"]
[WhiteElo "2267"]
[BlackElo "2279"]
[PlyCount "50"]
[EventDate "2005.??.??"]
[EventType "corr"]
[EventRounds "2"]
[SourceDate "2005.10.20"]

1. e4 e5 2. f4 exf4 3. Bc4 Nf6 4. Nc3 c6 5. Bb3 d5 6. exd5 cxd5 7. d4 Bb4 8.
Nge2 O-O 9. O-O g5 10. g3 Bh3 11. Rf2 Qd7 12. gxf4 Re8 13. Bd2 g4 14. f5 Nc6
15. Qc1 Be7 16. Bh6 Kh8 17. Qd2 Rac8 18. Bg5 Na5 19. Ba4 Nc6 20. Nf4 Rg8 21.
Nd3 Nh5 22. Bxe7 Qxe7 23. f6 Qd6 24. Nb5 Qb8 25. Re2 g3 0-1

[Event "MCRE_SF02"]
[Site "?"]
[Date "2005.??.??"]
[Round "?"]
[White "Splichal, Josef"]
[Black "Bares, Jiri"]
[Result "1/2-1/2"]
[WhiteElo "2279"]
[BlackElo "2174"]
[PlyCount "58"]
[EventDate "2005.??.??"]
[EventType "corr"]
[EventRounds "2"]
[SourceDate "2005.10.20"]

1. e4 c5 2. Nf3 d6 3. d4 cxd4 4. Nxd4 Nf6 5. Nc3 a6 6. Bg5 e6 7. f4 b5 8. e5
dxe5 9. fxe5 Qc7 10. exf6 Qe5+ 11. Be2 Qxg5 12. O-O Ra7 13. Qd3 Rd7 14. Ne4 Qe5
15. c3 Bb7 16. Bf3 Bxe4 17. Bxe4 gxf6 18. Rae1 Bc5 19. Qh3 Bxd4+ 20. cxd4 Qxd4+
21. Kh1 Qxb2 22. Bg6 Kd8 23. Qg3 Kc8 24. Bxf7 Rxf7 25. Rc1+ Kb7 26. Qf3+ Ka7
27. Qe3+ Ka8 28. Qe4+ Ka7 29. Qe3+ Ka8 1/2-1/2

[Event "MCRE_SF02"]
[Site "?"]
[Date "2005.??.??"]
[Round "?"]
[White "Mezera, Lukas"]
[Black "Novak, Vratislav"]
[Result "1/2-1/2"]
[WhiteElo "2266"]
[BlackElo "2267"]
[PlyCount "29"]
[EventDate "2005.??.??"]
[EventType "corr"]
[EventRounds "2"]
[SourceDate "2005.10.20"]

1. e4 e5 2. Nf3 d6 3. d4 exd4 4. Nxd4 Nf6 5. Nc3 Be7 6. Be2 O-O 7. O-O c5 8.
Nb3 Nc6 9. Bf4 Be6 10. Re1 Rc8 11. Qd2 d5 12. exd5 Nxd5 13. Nxd5 Qxd5 14. Qxd5
Bxd5 15. Rad1 1/2-1/2

[Event "MCRE_SF02"]
[Site "?"]
[Date "2005.??.??"]
[Round "?"]
[White "Splichal, Josef"]
[Black "Mezera, Lukas"]
[Result "1/2-1/2"]
[WhiteElo "2279"]
[BlackElo "2266"]
[PlyCount "48"]
[EventDate "2005.??.??"]
[EventType "corr"]
[EventRounds "2"]
[SourceDate "2005.10.20"]

1. e4 e5 2. Nc3 Nf6 3. f4 d5 4. fxe5 Nxe4 5. Nf3 Be7 6. Bd3 f5 7. exf6 Nxf6 8.
O-O O-O 9. Be2 c6 10. d4 Bf5 11. Bd3 Bxd3 12. Qxd3 Bd6 13. Ng5 Qd7 14. Bf4 Bxf4
15. Rxf4 Na6 16. Raf1 Rae8 17. Nd1 Nc7 18. Ne3 Ne6 19. Nxe6 Qxe6 20. R4f3 Ne4
21. Rxf8+ Rxf8 22. Rxf8+ Kxf8 23. Qf1+ Kg8 24. Qf3 Qe7 1/2-1/2

[Event "MCRE_SF02"]
[Site "?"]
[Date "2005.??.??"]
[Round "?"]
[White "Storkan, Zdenek"]
[Black "Splichal, Josef"]
[Result "1-0"]
[WhiteElo "2224"]
[BlackElo "2279"]
[PlyCount "55"]
[EventDate "2005.??.??"]
[EventType "corr"]
[EventRounds "2"]
[SourceDate "2005.10.20"]

1. d4 Nf6 2. c4 c5 3. Nf3 cxd4 4. Nxd4 e5 5. Nb5 d5 6. cxd5 Bc5 7. e3 O-O 8.
N5c3 Bf5 9. a3 Nbd7 10. Nd2 Nb6 11. e4 Ng4 12. exf5 Nxf2 13. Qf3 Nxh1 14. Nde4
Rc8 15. f6 Nxd5 16. Nxd5 Qxd5 17. fxg7 Bf2+ 18. Nxf2 Rfd8 19. Qxd5 Rxd5 20.
Nxh1 Kxg7 21. Ng3 Kg6 22. Be2 f5 23. Bd2 Rcd8 24. Rd1 b6 25. Bc3 Kf6 26. Rxd5
Rxd5 27. Bd1 Kg5 28. h4+ 1-0

[Event "MCRE_SF02"]
[Site "?"]
[Date "2005.??.??"]
[Round "?"]
[White "Bares, Jiri"]
[Black "Splichal, Josef"]
[Result "1-0"]
[WhiteElo "2174"]
[BlackElo "2279"]
[PlyCount "77"]
[EventDate "2005.??.??"]
[EventType "corr"]
[EventRounds "2"]
[SourceDate "2005.10.20"]

1. d4 Nf6 2. c4 c5 3. d5 e6 4. Nc3 exd5 5. cxd5 d6 6. e4 g6 7. f4 Bg7 8. Bb5+
Nfd7 9. Nf3 O-O 10. a4 a6 11. Be2 Re8 12. O-O b6 13. Bd3 Nf6 14. e5 dxe5 15.
fxe5 Ng4 16. Bg5 f6 17. exf6 Bxf6 18. Bxf6 Qxf6 19. Qd2 Bf5 20. h3 Bxd3 21.
Qxd3 Nh6 22. Ne4 Qg7 23. a5 bxa5 24. Nfg5 Nd7 25. Ne6 Qe5 26. Rae1 Nf5 27. g4
Nd4 28. Qc4 Rab8 29. N6xc5 Nb6 30. Qd3 Kh8 31. Rd1 Nb5 32. Nxa6 Na4 33. Nxb8
Nxb2 34. Qxb5 Nxd1 35. Rxd1 Qxe4 36. Qb2+ Kg8 37. Nd7 Qf3 38. Rf1 Qg3+ 39. Qg2
1-0

[Event "MCRE_SF02"]
[Site "?"]
[Date "2005.??.??"]
[Round "?"]
[White "Novak, Vratislav"]
[Black "Storkan, Zdenek"]
[Result "1/2-1/2"]
[WhiteElo "2267"]
[BlackElo "2224"]
[PlyCount "65"]
[EventDate "2005.??.??"]
[EventType "corr"]
[EventRounds "2"]
[SourceDate "2005.10.20"]

1. e4 c6 2. d4 d5 3. exd5 cxd5 4. c3 Nc6 5. Nf3 Bg4 6. Qb3 Qd7 7. Ne5 Nxe5 8.
dxe5 a6 9. Na3 Rc8 10. Be3 e6 11. Nb5 Be7 12. Nd4 f6 13. exf6 Bxf6 14. f3 e5
15. fxg4 exd4 16. Bxd4 Bxd4 17. cxd4 Ne7 18. Be2 O-O 19. Bf3 Qe6+ 20. Kf2 Qh6
21. Rad1 Qh4+ 22. Kg1 Kh8 23. h3 Qg3 24. h4 Qf4 25. Rh3 Rc1 26. Rxc1 Qxc1+ 27.
Kh2 Qf4+ 28. Rg3 Qxd4 29. Qxb7 Qf6 30. Bxd5 Nxd5 31. Qxd5 Qxh4+ 32. Rh3 Qxg4
33. Qd3 1/2-1/2

[Event "MCRE_SF02"]
[Site "?"]
[Date "2005.??.??"]
[Round "?"]
[White "Novak, Vratislav"]
[Black "Bednarik, Radovan"]
[Result "1-0"]
[WhiteElo "2267"]
[BlackElo "2201"]
[PlyCount "55"]
[EventDate "2005.??.??"]
[EventType "corr"]
[EventRounds "2"]
[SourceDate "2005.10.20"]

1. e4 d5 2. exd5 Nf6 3. d4 Nxd5 4. Nf3 Bg4 5. Be2 Nc6 6. c4 Nb6 7. d5 Bxf3 8.
Bxf3 Ne5 9. O-O Nexc4 10. Re1 Qd6 11. Nc3 O-O-O 12. a4 a5 13. b3 Qf6 14. bxc4
Qxc3 15. Bd2 Qd3 16. Re3 Qd4 17. Re4 Qd3 18. Rc1 Nxa4 19. Re3 Qd4 20. Qxa4 Qxd2
21. Rb1 e6 22. d6 c6 23. Reb3 Rd7 24. Qxc6+ Kd8 25. c5 Rxd6 26. Qxb7 Rd7 27.
Qc8+ Ke7 28. c6 1-0

[Event "MCRE_SF02"]
[Site "?"]
[Date "2005.??.??"]
[Round "?"]
[White "Mezera, Lukas"]
[Black "Struzka, Vlastimil"]
[Result "1/2-1/2"]
[WhiteElo "2266"]
[BlackElo "2216"]
[PlyCount "39"]
[EventDate "2005.??.??"]
[EventType "corr"]
[EventRounds "2"]
[SourceDate "2005.10.20"]

1. e4 e5 2. Nf3 Nc6 3. d4 exd4 4. Nxd4 Bc5 5. Nxc6 Qf6 6. Qd2 dxc6 7. Nc3 Be6
8. Na4 Bd6 9. Qe3 Nh6 10. h3 Qh4 11. g3 Qe7 12. Bg2 f6 13. O-O O-O 14. b3 Nf7
15. c4 b5 16. Nb2 a5 17. a4 Ne5 18. Kh2 bxc4 19. f4 Bc5 20. Qe2 1/2-1/2

[Event "MCRE_SF02"]
[Site "?"]
[Date "2005.??.??"]
[Round "?"]
[White "Struzka, Vlastimil"]
[Black "Novak, Vratislav"]
[Result "1/2-1/2"]
[WhiteElo "2216"]
[BlackElo "2267"]
[PlyCount "91"]
[EventDate "2005.??.??"]
[EventType "corr"]
[EventRounds "2"]
[SourceDate "2005.10.20"]

1. d4 d5 2. c4 e6 3. Nf3 c6 4. Nc3 dxc4 5. e4 b5 6. Be2 Bb7 7. O-O Nf6 8. a4 a6
9. b3 b4 10. e5 Nfd7 11. Ne4 c5 12. Nd6+ Bxd6 13. exd6 cxb3 14. dxc5 Nxc5 15.
Qd4 Nbd7 16. Qxg7 Qf6 17. Qxf6 Nxf6 18. Bb2 Nce4 19. Rac1 Rg8 20. Rc7 Bd5 21.
Ne5 Nxd6 22. f3 Nh5 23. Rfc1 a5 24. g3 Rd8 25. Kf1 h6 26. Ke1 f6 27. Nd3 Rd7
28. Rxd7 Kxd7 29. g4 e5 30. gxh5 Rg2 31. h3 Ke6 32. Kf1 Rg3 33. f4 Bc4 34. fxe5
Bxd3 35. Bxd3 Rxd3 36. exd6 Kxd6 37. Ke2 Rxh3 38. Bxf6 Rxh5 39. Rd1+ Ke6 40.
Bd4 Rh4 41. Ke3 Rh3+ 42. Ke4 Rh4+ 43. Kf3 Rh3+ 44. Ke4 Rh4+ 45. Kf3 Rh3+ 46.
Ke4 1/2-1/2

[Event "MCRE_SF02"]
[Site "?"]
[Date "2005.??.??"]
[Round "?"]
[White "Splichal, Josef"]
[Black "Struzka, Vlastimil"]
[Result "1/2-1/2"]
[WhiteElo "2279"]
[BlackElo "2216"]
[PlyCount "101"]
[EventDate "2005.??.??"]
[EventType "corr"]
[EventRounds "2"]
[SourceDate "2005.10.20"]

1. e4 e5 2. Nc3 Nc6 3. Bc4 Nf6 4. d3 Na5 5. Bb3 Nxb3 6. axb3 d5 7. exd5 Nxd5 8.
Nf3 f6 9. O-O Be7 10. d4 Bg4 11. h3 Bh5 12. Ne4 Nb4 13. c3 Qd5 14. Re1 Nc6 15.
c4 Qd7 16. g4 Bg6 17. d5 O-O 18. Nh4 Bxe4 19. Rxe4 Bb4 20. Nf5 Ne7 21. Nxe7+
Bxe7 22. Qf3 Rfd8 23. Re1 Bb4 24. Rd1 Qd6 25. Be3 a5 26. Qf5 b6 27. Rac1 Rac8
28. Qe6+ Qxe6 29. dxe6 Re8 30. c5 bxc5 31. Bxc5 Rxe6 32. Bxb4 axb4 33. Rd7 Ra6
34. Rcxc7 Rxc7 35. Rxc7 Rd6 36. Rb7 Rd3 37. Rxb4 Rxh3 38. Kg2 Rd3 39. Rb7 g6
40. b4 Rb3 41. b5 h5 42. gxh5 gxh5 43. b6 Kf8 44. Kh2 Ke8 45. f4 Rxb2+ 46. Kg3
Rb3+ 47. Kf2 exf4 48. Rh7 Rxb6 49. Rxh5 Kf7 50. Rf5 Kg6 51. Rxf4 1/2-1/2

[Event "MCRE_SF02"]
[Site "?"]
[Date "2005.??.??"]
[Round "?"]
[White "Novak, Vratislav"]
[Black "Struzka, Vlastimil"]
[Result "1-0"]
[WhiteElo "2267"]
[BlackElo "2216"]
[PlyCount "94"]
[EventDate "2005.??.??"]
[EventType "corr"]
[EventRounds "2"]
[SourceDate "2005.10.20"]

1. e4 e5 2. f4 d5 3. exd5 e4 4. d3 Nf6 5. dxe4 Nxe4 6. Nf3 Bc5 7. Qe2 Bf5 8.
Nc3 Qe7 9. Be3 Nd7 10. Nxe4 Bxe4 11. Bxc5 Nxc5 12. O-O-O O-O 13. Qe3 Rae8 14.
Bb5 Bxf3 15. Qxf3 Rd8 16. Rhe1 Qd6 17. Re3 a6 18. Bf1 Qb6 19. Qe2 Nd7 20. c4
Qd6 21. g3 Nf6 22. Re7 Rfe8 23. Re1 Kf8 24. Re5 c6 25. dxc6 Qxc6 26. Bg2 Qa4
27. Kb1 b6 28. Bb7 Rb8 29. b3 Qb4 30. Bxa6 Rbd8 31. Rd1 Ne4 32. Rxd8 Nc3+ 33.
Kc2 Rxd8 34. Qe1 f6 35. Rb5 Qa3 36. Kxc3 Qxa6 37. a4 Qa8 38. Qe3 Kg8 39. Rd5
Rb8 40. Rd7 Kh8 41. Kb2 h6 42. Qd4 Qc6 43. Qd5 Qc8 44. Qf7 Qg8 45. Qxg8+ Kxg8
46. Kc3 Kh7 47. Kb4 Kg6 1-0

[Event "MCRE_SF02"]
[Site "?"]
[Date "2005.??.??"]
[Round "?"]
[White "Struzka, Vlastimil"]
[Black "Storkan, Zdenek"]
[Result "0-1"]
[WhiteElo "2216"]
[BlackElo "2224"]
[PlyCount "110"]
[EventDate "2005.??.??"]
[EventType "corr"]
[EventRounds "2"]
[SourceDate "2005.10.20"]

1. d4 Nf6 2. c4 g6 3. Nc3 d5 4. cxd5 Nxd5 5. e4 Nxc3 6. bxc3 Bg7 7. Ba3 O-O 8.
Nf3 Nd7 9. Be2 c5 10. O-O a6 11. Qb3 b5 12. e5 c4 13. Qb4 Re8 14. Ng5 Nb6 15.
Bf3 Rb8 16. Rfe1 Nd5 17. Qb2 Nf4 18. Qd2 Nd3 19. Bc6 Rf8 20. Red1 f6 21. exf6
Rxf6 22. Bf3 Nxf2 23. Re1 e5 24. Re2 Ne4 25. Nxe4 Rf4 26. Nd6 Be6 27. dxe5 Qb6+
28. Qe3 Qxe3+ 29. Rxe3 a5 30. g3 Rff8 31. Rb1 Bh6 32. Re2 Rxf3 33. Ne4 b4 34.
Bc1 Bf8 35. Ng5 Bf5 36. Nxf3 Bxb1 37. e6 Bd3 38. Re5 Bg7 39. Rxa5 Bxc3 40. Bf4
Re8 41. Be5 Bf5 42. Kf2 Bxe6 43. Bxc3 bxc3 44. Ra3 c2 45. Rc3 Bf5 46. Nd4 Bd3
47. Kf3 Re1 48. Nxc2 Rc1 49. Ke3 Rxc2 50. Rxc2 Bxc2 51. Kd4 Bb3 52. axb3 cxb3
53. Kc3 Kf7 54. Kxb3 Ke6 55. Kc4 Kf5 0-1

[Event "MCRE_SF02"]
[Site "?"]
[Date "2005.??.??"]
[Round "?"]
[White "Bares, Jiri"]
[Black "Struzka, Vlastimil"]
[Result "1-0"]
[WhiteElo "2174"]
[BlackElo "2216"]
[PlyCount "111"]
[EventDate "2005.??.??"]
[EventType "corr"]
[EventRounds "2"]
[SourceDate "2005.10.20"]

1. d4 d5 2. c4 Nf6 3. cxd5 c6 4. dxc6 Nxc6 5. Nf3 e5 6. Nxe5 Qxd4 7. Nxc6 Qxd1+
8. Kxd1 bxc6 9. f3 Be6 10. e4 Bc5 11. Nd2 Rd8 12. Kc2 h6 13. Nb3 Bf2 14. Bd2
O-O 15. Bc3 Nh5 16. Na5 c5 17. Nc6 Rd7 18. g3 Rc8 19. Ne5 Rd6 20. b3 Bd4 21.
Bc4 Nf6 22. Bxe6 Rxe6 23. Nc4 Nd7 24. Rhd1 Ne5 25. Nxe5 Rxe5 26. Kd3 Re7 27.
Bxd4 Rd7 28. Ke2 cxd4 29. Rac1 Rcd8 30. Kd3 g6 31. Rc5 Kg7 32. Rdc1 Kf6 33.
R1c4 Ke7 34. Rc7 Ke6 35. Rxd7 Rxd7 36. Rxd4 Rb7 37. b4 f5 38. a4 Rc7 39. b5 Rc1
40. exf5+ Kxf5 41. Rc4 Rd1+ 42. Kc3 Rd7 43. a5 Ke6 44. b6 axb6 45. axb6 g5 46.
Re4+ Kf5 47. Kb4 Rf7 48. Kc5 Kg6 49. Rb4 Rf5+ 50. Kc6 Rf6+ 51. Kc7 Rf7+ 52. Kb8
Rxf3 53. b7 Rf8+ 54. Ka7 h5 55. b8=Q Rxb8 56. Kxb8 1-0

[Event "MCRE_SF02"]
[Site "?"]
[Date "2005.??.??"]
[Round "?"]
[White "Mezera, Lukas"]
[Black "Storkan, Zdenek"]
[Result "1/2-1/2"]
[WhiteElo "2266"]
[BlackElo "2224"]
[PlyCount "53"]
[EventDate "2005.??.??"]
[EventType "corr"]
[EventRounds "2"]
[SourceDate "2005.10.20"]

1. e4 c6 2. d4 d5 3. exd5 cxd5 4. c3 Nc6 5. Nf3 Bg4 6. Qb3 Qd7 7. Ne5 Nxe5 8.
dxe5 a6 9. Na3 Rc8 10. Be3 e6 11. Nb5 Be7 12. Nd4 f6 13. h3 Bh5 14. g4 Bg6 15.
Bg2 Bc5 16. O-O-O Bxd4 17. Bxd4 f5 18. f4 Ne7 19. Qa3 O-O 20. Qd6 Qe8 21. Qxe6+
Kh8 22. Qd6 fxg4 23. hxg4 Rxf4 24. Rd2 Nc6 25. Be3 Rxg4 26. Bxd5 Nxe5 27. Bxb7
1/2-1/2

[Event "MCRE_SF02"]
[Site "?"]
[Date "2005.??.??"]
[Round "?"]
[White "Lasek, Milos"]
[Black "Splichal, Josef"]
[Result "1/2-1/2"]
[WhiteElo "2280"]
[BlackElo "2279"]
[PlyCount "58"]
[EventDate "2005.??.??"]
[EventType "corr"]
[EventRounds "2"]
[SourceDate "2005.10.20"]

1. e4 e5 2. Nf3 Nc6 3. Bb5 Nf6 4. O-O Nxe4 5. Qe2 Ng5 6. Nxg5 Qxg5 7. c3 a6 8.
f4 Qe7 9. Bxc6 dxc6 10. fxe5 Qg5 11. d4 Qg6 12. Nd2 Be7 13. Ne4 Bg4 14. Qe3
O-O-O 15. b4 Rhe8 16. Qg3 Bf5 17. Qxg6 hxg6 18. Re1 Rd5 19. h3 b6 20. g4 Be6
21. Bg5 Bf8 22. Rad1 Rd7 23. Rd2 Bd5 24. Rde2 Bc4 25. Rb2 Bd5 26. Rbe2 Bc4 27.
Rb2 Bd5 28. Rbe2 Kb7 29. Kf2 Ra8 1/2-1/2

[Event "MCRE_SF02"]
[Site "?"]
[Date "2005.??.??"]
[Round "?"]
[White "Splichal, Josef"]
[Black "Lasek, Milos"]
[Result "1/2-1/2"]
[WhiteElo "2279"]
[BlackElo "2280"]
[PlyCount "59"]
[EventDate "2005.??.??"]
[EventType "corr"]
[EventRounds "2"]
[SourceDate "2005.10.20"]

1. e4 c5 2. Nf3 e6 3. d4 cxd4 4. Nxd4 a6 5. Bd3 Bc5 6. Nb3 Be7 7. O-O d6 8. Qg4
g6 9. Qe2 Nd7 10. Nd4 Qc7 11. Rd1 Bf6 12. Bc4 Ne5 13. Bb3 Bg7 14. Nc3 Nf6 15.
Nf3 b5 16. Nxe5 dxe5 17. Qf3 h6 18. Be3 Bb7 19. Qe2 O-O 20. f3 Rfd8 21. a4 b4
22. Na2 Bf8 23. Qe1 a5 24. Rxd8 Rxd8 25. c3 bxc3 26. Rc1 Bc5 27. Qxc3 Bxe3+ 28.
Qxe3 Qb8 29. Bc2 Ba6 30. Rb1 1/2-1/2

[Event "MCRE_SF02"]
[Site "?"]
[Date "2005.??.??"]
[Round "?"]
[White "Splichal, Josef"]
[Black "Novak, Vratislav"]
[Result "0-1"]
[WhiteElo "2279"]
[BlackElo "2267"]
[PlyCount "110"]
[EventDate "2005.??.??"]
[EventType "corr"]
[EventRounds "2"]
[SourceDate "2005.10.20"]

1. e4 e5 2. Nc3 Nf6 3. f4 d5 4. fxe5 Nxe4 5. Nf3 Be7 6. Bd3 Nc5 7. Bb5+ c6 8.
d4 cxb5 9. dxc5 Be6 10. Be3 b4 11. Nb5 O-O 12. O-O Nd7 13. Nd6 b6 14. cxb6 Nxb6
15. Qe2 Bxd6 16. exd6 Qxd6 17. Rae1 Bf5 18. Nh4 Be4 19. Qf2 Rac8 20. Nf5 Bxf5
21. Qxf5 Qg6 22. Re2 Rfe8 23. Bxb6 Qxb6+ 24. Kh1 Qb7 25. Ree1 a5 26. Rd1 g6 27.
Qd3 Re5 28. Rd2 Rc4 29. Rdf2 f5 30. a3 bxa3 31. Qxa3 Qb4 32. Qa1 Rce4 33. c3
Qb5 34. h3 a4 35. Qc1 Re3 36. Qd2 Qc4 37. Qd1 Re2 38. Rxe2 Rxe2 39. Rf4 Re4 40.
Rf3 Qb5 41. Rf2 Kg7 42. Rc2 Qb8 43. Re2 Qb5 44. Rc2 Qb3 45. Rd2 Qxd1+ 46. Rxd1
Re2 47. Rxd5 Rxb2 48. Ra5 Ra2 49. Ra7+ Kf6 50. Rxh7 Ke5 51. Kh2 a3 52. Ra7 f4
53. Kg1 Ke4 54. c4 Kd4 55. h4 Kxc4 0-1

[Event "MCRE_SF02"]
[Site "?"]
[Date "2005.??.??"]
[Round "?"]
[White "Mezera, Lukas"]
[Black "Splichal, Josef"]
[Result "1-0"]
[WhiteElo "2266"]
[BlackElo "2279"]
[PlyCount "67"]
[EventDate "2005.??.??"]
[EventType "corr"]
[EventRounds "2"]
[SourceDate "2005.10.20"]

1. e4 e5 2. Nf3 Nc6 3. Bb5 Nf6 4. O-O Nxe4 5. d4 Nd6 6. Bxc6 dxc6 7. dxe5 Nf5
8. Qxd8+ Kxd8 9. Nc3 Bd7 10. b3 h6 11. Bb2 Be7 12. Rad1 Kc8 13. Ne4 b6 14. h3
c5 15. c4 Re8 16. Rd3 Bc6 17. Nc3 Kb7 18. g4 Nh4 19. Nxh4 Bxh4 20. Nd5 Rad8 21.
Rfd1 h5 22. f4 hxg4 23. hxg4 Rh8 24. Kg2 a5 25. g5 Kb8 26. Kf3 Bb7 27. R3d2 g6
28. Bc3 Ka7 29. Rd3 Bc6 30. Ke2 Kb7 31. Rh1 Rh5 32. Rh2 Bxd5 33. cxd5 a4 34. e6
1-0

[Event "MCRE_SF02"]
[Site "?"]
[Date "2005.??.??"]
[Round "?"]
[White "Bares, Jiri"]
[Black "Lasek, Milos"]
[Result "1-0"]
[WhiteElo "2174"]
[BlackElo "2280"]
[PlyCount "43"]
[EventDate "2005.??.??"]
[EventType "corr"]
[EventRounds "2"]
[SourceDate "2005.10.20"]

1. d4 Nf6 2. c4 e6 3. Nc3 Bb4 4. Qc2 O-O 5. a3 Bxc3+ 6. Qxc3 b6 7. Bg5 Bb7 8.
f3 c5 9. dxc5 bxc5 10. e3 d6 11. O-O-O Nc6 12. Nh3 Ne5 13. Nf2 Qc7 14. Bxf6
gxf6 15. f4 Nd7 16. Bd3 Rab8 17. e4 Kh8 18. Rd2 Rg8 19. g3 Ba8 20. Rhd1 Rb6 21.
Bc2 e5 22. Ba4 1-0

[Event "MCRE_SF02"]
[Site "?"]
[Date "2005.??.??"]
[Round "?"]
[White "Lasek, Milos"]
[Black "Struzka, Vlastimil"]
[Result "1-0"]
[WhiteElo "2280"]
[BlackElo "2216"]
[PlyCount "67"]
[EventDate "2005.??.??"]
[EventType "corr"]
[EventRounds "2"]
[SourceDate "2005.10.20"]

1. e4 e5 2. Nf3 Nc6 3. Bb5 Nf6 4. O-O Be7 5. Re1 O-O 6. Bxc6 dxc6 7. Nxe5 Re8
8. Nf3 Bg4 9. d3 Nd7 10. h3 Bh5 11. Nbd2 Ne5 12. g4 Nxf3+ 13. Nxf3 Bg6 14. Bf4
Bc5 15. c3 Bb6 16. Ne5 a5 17. Qf3 Bc5 18. d4 Bd6 19. Nxg6 fxg6 20. e5 Be7 21.
Qe4 Bg5 22. Bxg5 Qxg5 23. d5 Ra6 24. c4 Rb6 25. d6 Qd8 26. Qd4 Qd7 27. Rad1 Ra6
28. c5 cxd6 29. cxd6 Qe6 30. f4 Raa8 31. f5 gxf5 32. gxf5 Qxf5 33. d7 Rf8 34.
e6 1-0

[Event "MCRE_SF02"]
[Site "?"]
[Date "2005.??.??"]
[Round "?"]
[White "Splichal, Josef"]
[Black "Bednarik, Radovan"]
[Result "0-1"]
[WhiteElo "2279"]
[BlackElo "2201"]
[PlyCount "96"]
[EventDate "2005.??.??"]
[EventType "corr"]
[EventRounds "2"]
[SourceDate "2005.10.20"]

1. e4 d5 2. exd5 Nf6 3. d4 Nxd5 4. c4 Nb6 5. Nf3 g6 6. h3 Bg7 7. Nc3 Nc6 8. c5
Nd5 9. Bb5 O-O 10. Bxc6 bxc6 11. O-O Bf5 12. Re1 Nb4 13. Bg5 Re8 14. Re2 f6 15.
Be3 Qd7 16. Nh4 Be6 17. Qa4 a5 18. a3 Nd5 19. Nf3 Reb8 20. Qc2 Bf5 21. Ne4 a4
22. Rae1 Rb3 23. Nh4 Bxe4 24. Qxe4 f5 25. Qc2 Bf6 26. Nf3 f4 27. Bc1 Rxf3 28.
gxf3 Qxh3 29. Qd3 g5 30. Re4 Kf7 31. Qf1 Qxf3 32. Qg2 Qxg2+ 33. Kxg2 h5 34. Rd1
Kg6 35. Re6 Ra6 36. Re2 Kf5 37. Rc2 g4 38. f3 Ra8 39. Rh1 Kg5 40. Rc4 Rb8 41.
Rxa4 Rb3 42. Rf1 Rd3 43. Ra8 Rxd4 44. b3 Rd3 45. a4 Rc3 46. Kh1 Rc2 47. fxg4
hxg4 48. Rg8+ Kf5 0-1

[Event "MCRE_SF02"]
[Site "?"]
[Date "2005.??.??"]
[Round "?"]
[White "Bednarik, Radovan"]
[Black "Struzka, Vlastimil"]
[Result "1-0"]
[WhiteElo "2201"]
[BlackElo "2216"]
[PlyCount "69"]
[EventDate "2005.??.??"]
[EventType "corr"]
[EventRounds "2"]
[SourceDate "2005.10.20"]

1. d4 Nf6 2. c4 e6 3. Nf3 d5 4. Nc3 Bb4 5. Qa4+ Nc6 6. a3 Bxc3+ 7. bxc3 Bd7 8.
cxd5 exd5 9. Bg5 h6 10. Bh4 O-O 11. Qc2 g5 12. Bg3 Ne5 13. Nxe5 Be6 14. f3 c5
15. dxc5 Rc8 16. Bf2 Qc7 17. Bd4 Rce8 18. e3 Bc8 19. Nd3 Re6 20. O-O-O Rfe8 21.
g4 Qa5 22. Qb3 Nh7 23. Re1 Bd7 24. h4 Bb5 25. hxg5 Nxg5 26. Nf4 Bc4 27. Qb4
Qxb4 28. cxb4 Nxf3 29. Nxe6 Rxe6 30. Bxc4 dxc4 31. Ref1 Ne5 32. Bxe5 Rxe5 33.
Rxh6 Rxe3 34. Rhf6 Rc3+ 35. Kb2 1-0

[Event "MCRE_SF02"]
[Site "?"]
[Date "2005.??.??"]
[Round "?"]
[White "Struzka, Vlastimil"]
[Black "Bares, Jiri"]
[Result "1/2-1/2"]
[WhiteElo "2216"]
[BlackElo "2174"]
[PlyCount "107"]
[EventDate "2005.??.??"]
[EventType "corr"]
[EventRounds "2"]
[SourceDate "2005.10.20"]

1. d4 d5 2. c4 e6 3. e3 Nf6 4. Nf3 Be7 5. Nc3 O-O 6. Be2 dxc4 7. Bxc4 c5 8. O-O
Nc6 9. dxc5 Bxc5 10. a3 Qc7 11. b4 Be7 12. Nb5 Qb8 13. Bb2 a6 14. Nc3 b5 15.
Bd3 Bb7 16. Ne4 Nxe4 17. Bxe4 f5 18. Bc2 Bf6 19. Bxf6 Rxf6 20. Qd7 Qc8 21.
Qxc8+ Rxc8 22. Rfc1 h6 23. Bb3 Kf8 24. Rc5 g5 25. Rac1 Ke7 26. h4 g4 27. Ne1
Rff8 28. Nd3 Rfd8 29. Nf4 Rd6 30. Kh2 Kf6 31. R1c2 Ne7 32. Kg3 Bc6 33. f3 Rg8
34. Kf2 Bb7 35. Re2 gxf3 36. gxf3 Rc8 37. e4 fxe4 38. fxe4 Rxc5 39. bxc5 Rd4
40. Nxe6 Rxe4 41. Rxe4 Bxe4 42. Nc7 Bb7 43. Be6 Ke5 44. Ke3 a5 45. Kd3 Be4+ 46.
Kc3 Bc6 47. h5 Nf5 48. Bxf5 Kxf5 49. Kd4 b4 50. axb4 axb4 51. Kc4 Kg4 52. Kxb4
Kxh5 53. Kc4 Kg4 54. Nd5 1/2-1/2

[Event "MCRE_SF02"]
[Site "?"]
[Date "2005.??.??"]
[Round "?"]
[White "Splichal, Josef"]
[Black "Storkan, Zdenek"]
[Result "0-1"]
[WhiteElo "2279"]
[BlackElo "2224"]
[PlyCount "104"]
[EventDate "2005.??.??"]
[EventType "corr"]
[EventRounds "2"]
[SourceDate "2005.10.20"]

1. e4 c6 2. d4 d6 3. Nf3 Nf6 4. Nc3 g6 5. Be2 Bg7 6. Bf4 O-O 7. O-O Qb6 8. Rb1
Rd8 9. Be3 Bg4 10. Ng5 Bxe2 11. Qxe2 Qa6 12. Qd2 Nbd7 13. f3 e5 14. d5 b5 15.
a4 bxa4 16. Kh1 h6 17. dxc6 Qxc6 18. Nh3 Rac8 19. Rfc1 Nb6 20. Bxh6 a3 21. Bxg7
Kxg7 22. Nd1 axb2 23. Nxb2 d5 24. exd5 Nbxd5 25. Qf2 Nc3 26. Ra1 Qb6 27. Nd3 e4
28. fxe4 Ncxe4 29. Qe1 Rc4 30. Qg1 Ng4 31. Re1 Qc7 32. Ndf2 Nexf2+ 33. Nxf2 Nf6
34. Re2 a5 35. Ra2 Rh4 36. Ra3 Rb8 37. h3 Rhb4 38. Rf3 Rb1 39. Re1 Qxc2 40. Nd1
Qc6 41. Nc3 Rxe1 42. Qxe1 Qe6 43. Re3 Qc4 44. Rf3 Qd4 45. Qc1 a4 46. Qg1 Qxg1+
47. Kxg1 a3 48. Na2 Ra8 49. g4 Ne4 50. Kh2 f5 51. gxf5 gxf5 52. Kg2 Kg6 0-1

[Event "MCRE_SF02"]
[Site "?"]
[Date "2005.??.??"]
[Round "?"]
[White "Storkan, Zdenek"]
[Black "Novak, Vratislav"]
[Result "1/2-1/2"]
[WhiteElo "2224"]
[BlackElo "2267"]
[PlyCount "110"]
[EventDate "2005.??.??"]
[EventType "corr"]
[EventRounds "2"]
[SourceDate "2005.10.20"]

1. d4 d5 2. c4 e6 3. Nc3 c6 4. Nf3 dxc4 5. g3 Nf6 6. Bg2 Nbd7 7. O-O Be7 8. e4
a5 9. Qe2 b5 10. Rd1 Bb7 11. Bg5 h6 12. Be3 a4 13. a3 O-O 14. Nh4 Re8 15. Rac1
Rc8 16. Rc2 Qb6 17. d5 Bc5 18. dxe6 fxe6 19. Bxc5 Qxc5 20. Ng6 e5 21. Bh3 Rc7
22. Nh4 Nf8 23. Rcd2 Bc8 24. Bxc8 Rexc8 25. Nf5 Re8 26. Qf3 Ne6 27. Nxh6+ Kh8
28. Nf5 g6 29. Nh4 Kg7 30. Qe2 Rf7 31. Kh1 Rh8 32. f3 Rh5 33. Qg2 Qe7 34. Rf1
Nd7 35. Rfd1 Nec5 36. Na2 Nd3 37. Nb4 N7c5 38. Nxd3 Nxd3 39. Qe2 Qf6 40. Rf1
Rf8 41. Qe3 Qe6 42. Qb6 Qh3 43. Rg2 Qd7 44. Rd2 Rf6 45. Ng2 Qf7 46. Qe3 Rh8 47.
Kg1 Rf8 48. Nh4 Kg8 49. Kh1 Kh7 50. Qg5 c5 51. Qg4 Qe6 52. Qg5 R8f7 53. h3 Qd7
54. Kh2 Rd6 55. Ng2 Qd8 1/2-1/2